| 000 | 00791nam a2200217 i 4500 | ||
|---|---|---|---|
| 001 | 187465 | ||
| 003 | SpMaBN | ||
| 005 | 20230906222931.0 | ||
| 008 | 170706s1990 sp a |||| | spa d | ||
| 080 | _a75 Maragall, Jordi (083.824) | ||
| 100 | 1 |
_aMaragall, Jordi. _976292 |
|
| 245 | 1 | 0 |
_aJordi Maragall _b: [visions i horitzons] : [exposición] juny 1990, Sala Gaspar / _c[textos, María Lluïsa Borrás, José María Valverde]. |
| 260 |
_aBarcelona : _bSala Gaspar : _bDanés, _c[1990] |
||
| 300 |
_a[40] p. : _bprincipalmente il. col. ; _c23 cm. |
||
| 600 | 1 | 7 |
_aMaragall, Jordi- _vExposiciones. _9163388 |
| 655 | 7 |
_2tgfbne _9193628 _aCatálogos de exposiciones |
|
| 710 | 2 |
_aSala Gaspar. _96478 |
|
| 852 |
_aES-MaACL _jL-31790 |
||
| 942 | _2udc | ||
| 999 |
_c187465 _d187465 |
||